000 00511nam a2200169 i 4500
001 89786
003 ES-MaACL
005 20230906180252.0
007 t|
008 050113s1969 sp ||||1| spa d
100 1 _aLaurence, Margaret.
_970615
245 1 0 _aRaquel, Raquel /
_cMargaret Laurence ; [traducido por Agustín Gil Lasierra].
260 _aBarcelona :
_bGrijalbo,
_c[1969]
300 _a224 p., 4 lám. ;
_c20 cm.
700 1 _aGil Lasierra, Agustín.
_956831
852 _aES-MaACL
_jC-39508
_bR.71706
999 _c89786
_d89786